Scheme of Illinois, Chicago, Ill., standpoint, Aug. 1902.

Bibliographic Details
Corporate Author: United States. Railway Mail Service
Format: Government Document eBook
Language:English
Published: [Washington] : GPO, 1902.
Subjects:
Online Access:Connect to the full text of this electronic document

MARC

Tag First Indicator Second Indicator Subfields
LEADER 00000cam a22000001a 4500
001 in00003671049
005 20190408173122.0
006 m o d f
007 cr bn mmmapmmp
008 141211s1902 dcu o f000 0 eng d
035 |a ebd1909600276 
040 |a UMI  |c UMI  |d UtOrBLW 
086 0 |a P 10.8:Il 6/7 
099 |a P1008-3.7 
110 1 |a United States.  |b Railway Mail Service.  |0 http://id.loc.gov/authorities/names/n85209498 
245 1 0 |a Scheme of Illinois, Chicago, Ill., standpoint, Aug. 1902. 
264 1 |a [Washington] :  |b GPO,  |c 1902. 
300 |a 1 online resource (166 pages) 
336 |a text  |b txt  |2 rdacontent 
337 |a computer  |b c  |2 rdamedia 
338 |a online resource  |b cr  |2 rdacarrier 
533 |a Electronic reproduction.  |b [Bethesda, Md.] :  |c ProQuest,  |d 2014.  |e digital, PDF file.  |n ProQuest U.S. Executive Branch Documents  |n Mode of access: World Wide Web via ProQuest website. 
588 |a Record is based on online resource; title from PDF title page (ProQuest, last viewed Dec. 2014). Reuse except for individual research requires license from ProQuest, LLC. 
500 |a Electronic resource. 
651 0 |a Chicago (Ill.)  |0 http://id.loc.gov/authorities/names/n78086438 
655 7 |a Electronic books.  |2 local 
856 4 0 |u http://proxy.library.tamu.edu/login?url=http://congressional.proquest.com/congressional/docview/t66.d71.p1008-3.7  |z Connect to the full text of this electronic document  |t 0 
999 f f |s 8729eab6-8a4e-3934-a5b0-3898e3be6489  |i 725fab07-ece5-36d2-b5d9-8de136f44c81  |t 0 
952 f f |a Texas A&M University  |b College Station  |c Electronic Resources  |d Available Online  |t 0  |h No information provided 
998 f f |t 0  |l Available Online